ბათუმის შოთა რუსთაველის სახელმწიფო უნივერსიტეტის ბიბლიოთეკა

Микроэкономика:структурно-логические схемы (ბიბ.ჩანაწერი № 37076)

000 -LEADER
fixed length control field 00695nam a2200241Ia 4500
001 - CONTROL NUMBER
control field 3030
003 - CONTROL NUMBER IDENTIFIER
control field GE_BSU
008 - FIXED-LENGTH DATA ELEMENTS--GENERAL INFORMATION
fixed length control field 181216s||||||||xx |||||||||||||| ||und||
020 ## - INTERNATIONAL STANDARD BOOK NUMBER
International Standard Book Number 5851730285
040 ## - CATALOGING SOURCE
Transcribing agency GE_BSU
080 ## - UNIVERSAL DECIMAL CLASSIFICATION NUMBER
Universal Decimal Classification number 330.101(075.8)
100 ## - MAIN ENTRY--PERSONAL NAME
Personal name Протас В.Ф.
245 ## - TITLE STATEMENT
Title Микроэкономика:структурно-логические схемы
245 ## - TITLE STATEMENT
Remainder of title Учебное пособие для вузов
245 ## - TITLE STATEMENT
Statement of responsibility, etc. гл. ред. изд-ва Н. Д. Эриашвили
260 ## - PUBLICATION, DISTRIBUTION, ETC.
Place of publication, distribution, etc. Москва
260 ## - PUBLICATION, DISTRIBUTION, ETC.
Name of publisher, distributor, etc. ЮНИТИ
260 ## - PUBLICATION, DISTRIBUTION, ETC.
Date of publication, distribution, etc. 1996
300 ## - PHYSICAL DESCRIPTION
Extent 168 с. 20 см.
653 ## - INDEX TERM--UNCONTROLLED
Uncontrolled term Микроэкономика
942 ## - ADDED ENTRY ELEMENTS (KOHA)
Koha item type წიგნი
ეგზემპლარები
Withdrawn status Lost status Damaged status Not for loan Date acquired Barcode Date last seen Price effective from Koha item type Public note
        2018-12-17 7936 2018-12-17 2018-12-17 წიგნი დარბაზი
        2018-12-17 7937 2018-12-17 2018-12-17 წიგნი დარბაზი